<?xml version="1.0" encoding="UTF-8"?>
<marc:record xmlns:marc="http://www.loc.gov/MARC21/slim">
   <marc:leader>00000nam a2200000 a 4500</marc:leader>
   <marc:datafield ind1="1" ind2=" " tag="100">
      <marc:subfield code="a">Feder, Jürgen</marc:subfield>
      <marc:subfield code="4">aut</marc:subfield>
      <marc:subfield code="e">Verfasser/-in</marc:subfield>
   </marc:datafield>
   <marc:datafield ind1=" " ind2=" " tag="653">
      <marc:subfield code="a">Neophyten</marc:subfield>
   </marc:datafield>
   <marc:datafield ind1=" " ind2=" " tag="653">
      <marc:subfield code="a">Botanik</marc:subfield>
   </marc:datafield>
   <marc:datafield ind1=" " ind2=" " tag="653">
      <marc:subfield code="a">Ökosystem</marc:subfield>
   </marc:datafield>
   <marc:datafield ind1=" " ind2=" " tag="653">
      <marc:subfield code="a">Pflanzen</marc:subfield>
   </marc:datafield>
   <marc:datafield ind1=" " ind2=" " tag="653">
      <marc:subfield code="a">Artenvielfalt</marc:subfield>
   </marc:datafield>
   <marc:datafield ind1="0" ind2="0" tag="245">
      <marc:subfield code="a">Der Segen der Einwanderer</marc:subfield>
   </marc:datafield>
   <marc:datafield ind1="0" ind2="0" tag="245">
      <marc:subfield code="b">Neophyten - unsere pflanzlichen Neubürger und was sie für unser Ökosystem bedeuten</marc:subfield>
   </marc:datafield>
   <marc:datafield ind1="0" ind2="0" tag="245">
      <marc:subfield code="c">Jürgen Feder</marc:subfield>
   </marc:datafield>
   <marc:datafield ind1=" " ind2="1" tag="264">
      <marc:subfield code="a">München</marc:subfield>
      <marc:subfield code="b">Gräfe und Unzer</marc:subfield>
      <marc:subfield code="c">2022</marc:subfield>
   </marc:datafield>
   <marc:datafield ind1=" " ind2=" " tag="250">
      <marc:subfield code="a">1. Aufl.</marc:subfield>
   </marc:datafield>
   <marc:datafield ind1="1" ind2=" " tag="520">
      <marc:subfield code="a">Dynamik in der Natur war schon immer Trumpf. Selbst Acker-Rittersporn und Klatschmohn bevölkern unser Land nicht ursprünglich, sondern sind sogenannte Alteinwanderer. Und nun kommen diese angesagten Neophyten, diese pflanzlichen Neubürger, und entfachen eine heftige Diskussion &#x96; aggressiv wären sie, konkurrenzlos, unangepasst, giftig. Tatsache ist, dass der Mensch die natürlichen Lebensgrundlagen massiv verändert. Diese Pflanzen spielen nur ihre Stärken aus. Das Buch von Extrembotaniker Jürgen Feder bricht eine Lanze für unsere pflanzlichen Einwanderer, ist ein Plädoyer für Artenvielfalt und Biodiversität. Über 100 Arten in Deutschland werden vorgestellt &#x96; von der Küste bis zum Alpenrand. Denn nur was man kennt, kann man nutzen und schützen.</marc:subfield>
   </marc:datafield>
   <marc:datafield ind1=" " ind2=" " tag="020">
      <marc:subfield code="a">9783833880292</marc:subfield>
      <marc:subfield code="9">9783833880292</marc:subfield>
   </marc:datafield>
   <marc:datafield ind1=" " ind2=" " tag="020">
      <marc:subfield code="a">3833880295</marc:subfield>
      <marc:subfield code="9">3833880295</marc:subfield>
   </marc:datafield>
   <marc:datafield ind1=" " ind2=" " tag="500">
      <marc:subfield code="a">Literaturangaben</marc:subfield>
   </marc:datafield>
   <marc:datafield ind1=" " ind2=" " tag="300">
      <marc:subfield code="a">208 S. : Ill.</marc:subfield>
   </marc:datafield>
</marc:record>
